Gaming Quiz

Random Gaming or Mario Quiz

People in Mario and Sonic Winter Games Quiz Stats

 Plays Quiz not verified by Sporcle

Also try: Civilization
Challenge
Share
Tweet
Embed
Score 0/20 Timer 04:00
0 Plays Today
% Correct
Mario
99.6%
Sonic
97.5%
Luigi
94.6%
Peach
94.6%
Bowser
90.8%
Tails
90%
Wario
89.1%
Daisy
87.4%
Waluigi
84.5%
Amy
83.7%
% Correct
Knuckles
82.8%
Dr. Eggman
82%
Shadow
81.2%
Yoshi
80.8%
DK
78.7%
Silver
75.7%
Blaze
74.5%
Vector
72.4%
Bowser Jr.
70.3%
Metal Sonic
67.8%

You're not logged in!

Compare scores with friends on all Sporcle quizzes.
OR
Log In

You Might Also Like...

Show Comments

Extras

Top Quizzes Today


Score Distribution

Your Account Isn't Verified!

In order to create a playlist on Sporcle, you need to verify the email address you used during registration. Go to your Sporcle Settings to finish the process.

Report this User

Report this user for behavior that violates our Community Guidelines.

Details: